| 000 | 01296nam a2200397 i 4500 | ||
|---|---|---|---|
| 001 | 9248 | ||
| 003 | KOSZ 005 | ||
| 005 | 20200406091314.0 | ||
| 008 | 071108s1969 pl a f f 000 0 pol | ||
| 015 | _aPB 1969/9733 | ||
| 035 | _a(PL-WaBN)b20222543-48omnis_nlop | ||
| 035 | _ab20222543 | ||
| 035 | _a(OCoLC)68643470 | ||
| 035 | _a(PL)b0000020222543 | ||
| 040 |
_aWA N _cWA N _dKOSZ 005/RW |
||
| 046 | _k1969 | ||
| 080 | _a159.6 | ||
| 100 | 1 |
_aGerstmann, Stanisław _d(1911-1983) _eAutor |
|
| 245 | 1 | 0 |
_aPsychologia / _cStanisław Gerstmann. |
| 260 |
_aWarszawa : _bPaństwowe Zakłady Wydawnictw Szkolnych, _c1969. |
||
| 300 |
_a363, [1] strony : _bilustracje ; _c25 cm. |
||
| 336 |
_aTekst _btxt _2rdacontent |
||
| 337 |
_aBez urządzenia pośredniczącego _bn _2rdamedia |
||
| 338 |
_aWolumin _bnc _2rdacarrier |
||
| 380 | _aKsiążki | ||
| 388 | _a1901-2000 | ||
| 504 | _aBibliografia na stronach 354-357. | ||
| 650 | 7 | _aRozwój psychofizyczny | |
| 658 | _aPsychologia | ||
| 655 | 7 | _aPodręcznik | |
| 650 | 7 | _aWychowanie | |
| 710 | 2 |
_aPaństwowe Zakłady Wydawnictw Szkolnych _4pbl |
|
| 856 |
_uhttp://koha.tu.koszalin.pl/cgi-bin/koha/opac-detail.pl?biblionumber=9248 _yKatalog online BPK |
||
| 942 |
_2UKD _cKS |
||
| 999 |
_c9248 _d9248 |
||